000 00577cam a22002053a 4500
001 39132
003 PGUSA
005 20140828083852.0
008 120313s2012||||xxu|||||s|||||000 | eng d
040 _aPGUSA
_beng
042 _adc
100 1 _aYoung, William,
_d1809-1888
245 1 0 _aMathieu Ropars :
_bet cetera
_h[electronic resource] /
_cWilliam Young
260 _bProject Gutenberg,
_c2012
506 _aPublic domain in the USA.
516 _aElectronic text
830 0 _aProject Gutenberg
_v39132
856 4 0 _uhttp://www.gutenberg.org/ebooks/39132
942 _cEB
999 _c268385
_d268385